Nazi Leadership (Hard) and Notorious Members - Statistics

General Stats
  • This quiz has been taken 988 times
  • The average score is 12 of 31
Answer Stats
Hint Answer % Correct
Leader of the Luftwaffe and second in command for much of WWII Hermann Goering
92%
The 'Fuhrer.' Adolf Hitler
91%
Reichsfuhrer (commander) of the notorious SS Heinrich Himmler
89%
Propaganda Minister Joseph Goebbels
87%
Deputy Führer to Hitler until his flight to Scotland on the eve of war with the Soviet Union in 1941. Rudolf Hess
77%
The 'Desert Fox.' German general forced to commit suicide after his implication in the July 20 plot against Hitler. Erwin Rommel
75%
Nicknamed the "Angel of Death." Carried out brutal and evil medical experiments at Auschwitz Joseph Mengele
69%
Nazi Architect Albert Speer
67%
High ranking SS Official. Oversaw transportation of Jews to Concentration Camps. Captured by the Mossad in Argentina in 1960. Adolf Eichmann
63%
One of the masterminds behind the Nazi 'Final Solution.' Assassinated in 1942. Reinhard Heydrich
62%
Commander in Chief of the Navy. President of the 3rd Reich after Hitler's Suicide Karl Donitz
58%
Foreign Minister of Nazi Germany from 1938 until 1945. Joachim von Ribbentrop
54%
Head of the Party Chancellery and private secretary to Adolf Hitler. Martin Bormann
48%
SS-Obersturmbannführer. Commandant of Auschwitz concentration camp. Rudolf Hoss
36%
German field marshal who served as chief of the Oberkommando der Wehrmacht (Supreme High Command of the German Armed Forces) for most of World War II, thus effectively making him Minister of War. Wilhelm Keitel
34%
German lawyer who worked for the Nazi party during the 1920s and 1930s, and later became Hitler's personal lawyer. Became Nazi Germany's chief jurist and Governor-General of occupied Poland's 'General Government' territory. During his tenure (1939–1945), he instituted a reign of terror against the civilian population, systematic plunder and brutal economic exploitation and became directly involved in the mass murder of Polish citizens. At the Nuremberg trials, he was found guilty of war crimes and crimes against humanity and was executed. Hans Frank
30%
Founder and editor of anti-semitic Nazi newspaper Der Stürmer (1923-1945), Gauleiter of Franconia (1929–40). Julius Streicher
29%
Nazi "philosopher" and Reich Minister for the Eastern Territories, tried at Nuremberg and executed on 16 October 1946 Alfred Rosenberg
26%
Head of the Gestapo in Lyon. Nicknamed "the Butcher of Lyon" for his use of torture on prisoners. Klaus Barbie
26%
Minister for Economic Affairs from 1937 to 1945. Walther Funk
16%
Leader of the Hitler Youth program from 1940-1945. Artur Axmann
13%
Head Judge of the Nazi 'People's Court.' In reality a show court that sentenced hundreds to death. Was killed in an air raid. Roland Freisler
13%
Press Chief of the Third Reich. Otto Dietrich
9%
Commandant of the Bergen-Belsen concentration camp. Josef Kramer
8%
Head of the Reich Chancellery. Hans Lammers
7%
SS-Obergruppenführer. He was a prominent Austrian Nazi and later an SS leader in Poland. Head of "Operation Reinhard" and one of the persons responsible for the murder of millions of people during the Holocaust including the liquidation of the Warsaw Ghetto. Odilo Globocnik
7%
Co-founder of the SA, first commander of the SS. Later Hitler's personal chauffeur. Julius Schreck
6%
Personal physician of Adolf Hitler in August 1944 and headed the administration of the Nazi euthanasia program from 1939. Karl Brandt
6%
Minister of Science, Education and National Culture from 1934 to 1945 Bernhard Rust
4%
Cofounder of the German Stahlhelm paramilitary organization, a Nazi politician, and Minister for Labour of the German Reich from 1933 to 1945. Franz Seldte
3%
Chief of Administrator of the Lodz Ghetto. Hans Biebow
2%
No matching quizzes found
Score Distribution
Percent of People with Each Score
Percentile by Number Answered
Your Score History
You have not taken this quiz